Name the Flags - World Countries - Statistics

General Stats
  • This quiz has been taken 145 times
    126 since last reset
  • The average score is 100 of 196
Answer Stats
Picture Answer % Correct
Canada
89%
Austria
88%
Switzerland
86%
United States
85%
Poland
83%
Russia
83%
South Korea
83%
Japan
82%
Turkey
82%
Albania
80%
France
80%
Nepal
80%
North Korea
80%
United Kingdom
80%
Denmark
79%
Georgia
79%
Indonesia
77%
South Africa
77%
Australia
76%
China
76%
Croatia
76%
New Zealand
76%
Norway
76%
Qatar
76%
Spain
76%
Germany
74%
Belgium
73%
Netherlands
73%
India
71%
Italy
71%
Portugal
71%
Thailand
71%
Chile
70%
Cyprus
70%
Egypt
70%
Vietnam
70%
Romania
68%
Argentina
67%
Czech Republic
67%
Ireland
67%
Mexico
67%
Slovakia
67%
Taiwan
67%
Bangladesh
65%
Brazil
65%
Colombia
65%
Iceland
65%
Israel
65%
Lebanon
65%
Saudi Arabia
65%
Tunisia
65%
Cuba
64%
Malta
64%
Ukraine
64%
Vatican City
64%
Venezuela
64%
Greece
62%
Malaysia
62%
Morocco
62%
North Macedonia
62%
Singapore
62%
Sri Lanka
62%
Bhutan
61%
Luxembourg
61%
Panama
61%
Slovenia
61%
Sweden
61%
Cambodia
59%
Jamaica
59%
Latvia
59%
Monaco
59%
Pakistan
59%
Philippines
59%
Bahrain
58%
Finland
58%
Nigeria
56%
Trinidad & Tobago
56%
Dominican Republic
55%
Kenya
55%
Laos
55%
Serbia
55%
Seychelles
55%
Yemen
55%
Algeria
53%
Haiti
53%
Iran
53%
Uganda
53%
Ivory Coast
52%
Kazakhstan
52%
Kyrgyzstan
52%
Mongolia
52%
Angola
50%
Moldova
50%
Montenegro
50%
D.R. Congo
48%
Ecuador
48%
Liberia
48%
Armenia
47%
Barbados
47%
Estonia
47%
Ghana
47%
Andorra
45%
Bulgaria
45%
Hungary
45%
Iraq
45%
Jordan
45%
Liechtenstein
45%
United Arab Emirates
45%
Uruguay
45%
Belize
44%
Brunei
44%
Chad
44%
Costa Rica
44%
Honduras
44%
Kosovo
44%
Samoa
44%
Somalia
44%
Turkmenistan
44%
Belarus
42%
Grenada
42%
Maldives
42%
Paraguay
42%
Peru
42%
San Marino
42%
St. Lucia
42%
Tonga
42%
Afghanistan
41%
Antigua & Barbuda
41%
Azerbaijan
41%
Bosnia & Herzegovina
41%
Cameroon
41%
Guatemala
41%
Kiribati
41%
Niger
41%
Papua New Guinea
41%
South Sudan
41%
Ethiopia
39%
Senegal
39%
Botswana
38%
Cape Verde
38%
Central African Republic
38%
Kuwait
38%
Mozambique
38%
Bahamas
36%
Eswatini
36%
Fiji
36%
Lithuania
36%
Madagascar
36%
Mali
36%
Myanmar
36%
Palau
36%
Syria
36%
Uzbekistan
36%
Dominica
35%
El Salvador
35%
Guinea
35%
Zimbabwe
35%
F.S. Micronesia
33%
Nicaragua
33%
Oman
33%
Tanzania
33%
Zambia
33%
Burkina Faso
32%
Burundi
32%
East Timor
32%
Eritrea
32%
Guyana
32%
Sudan
32%
Suriname
32%
Togo
32%
Bolivia
30%
Guinea-Bissau
30%
St. Vincent & the Grenadines
30%
Tajikistan
30%
Tuvalu
30%
Benin
29%
Comoros
29%
Lesotho
29%
Libya
29%
Malawi
29%
Marshall Islands
29%
Mauritania
29%
Namibia
29%
Rep. of the Congo
27%
Djibouti
26%
Equatorial Guinea
26%
Gabon
26%
Gambia
26%
Nauru
26%
São Tomé & Príncipe
26%
St. Kitts & Nevis
24%
Vanuatu
24%
Mauritius
23%
Solomon Islands
23%
Rwanda
21%
Sierra Leone
21%
No matching quizzes found
Score Distribution
Percent of People with Each Score
Percentile by Number Answered
Your Score History
You have not taken this quiz since the last reset